00523nam a2200181Ia 4500999001500000003000400015005001700019008004100036020001800077040000900095082001800104100002800122245006200150260005700212300000900269650002100278942004200299 c8388d8388OSt20201008092428.0190216s9999||||xx |||||||||||||| ||und|| a9780071125543 coclc a004.22bBAR/C aBartee, Thomas C 95419 0aComputer Architecture And Logic Design /cThomas C Bartee bMcgraw-Hill International Edition,c1991.aNew York: a628p aComputer Science cBK2ddch004.22iBAR/Ck004.22mBAR/C